Obi-ugor állatnevek

Elmentve itt :
Bibliográfiai részletek
Szerző: Kálmán Béla
Dokumentumtípus: Cikk
Megjelent: Magyar Nyelvtudományi Társaság Budapest 1938
Sorozat:Magyar Nyelvtudományi Társaság Kiadványai 43.
Kulcsszavak:Obi-ugor nyelvek - állatnevek
Tárgyszavak:
Online Access:http://misc.bibl.u-szeged.hu/62411
LEADER 00863nab a2200229 i 4500
001 misc62411
005 20221017123252.0
008 220503s1938 hu o 0|| hun d
040 |a SZTE Miscellanea Repozitórium  |b hun 
041 |a hun 
041 |a fiu 
100 1 |a Kálmán Béla 
245 1 0 |a Obi-ugor állatnevek  |h [elektronikus dokumentum] /  |c  Kálmán Béla 
260 |a Magyar Nyelvtudományi Társaság  |b Budapest  |c 1938 
300 |a 32 p.  |c 24 cm 
490 0 |a Magyar Nyelvtudományi Társaság Kiadványai 43. 
561 |a Németh Gyula hagyaték 
591 |a LOU 1711; J/28 2334; J/28 2333; NOU 2609; MNY 1981/1718; B 84307; MNY 1292/2106 
650 4 |a Bölcsészettudományok 
650 4 |a Nyelvek és irodalom 
695 |a Obi-ugor nyelvek - állatnevek 
856 4 0 |u http://misc.bibl.u-szeged.hu/62411/1/2609_nou_k13.pdf  |z Dokumentum-elérés